| 000 | | | 03520nac2a22002413x 450 |
| 001 | | | 0434267a-5b2d-405b-8a9e-641e9dc9b058 |
| 005 | | | 20230113114648.0 |
| 100 | ## | $a | 20221117l19311931k y0rusy50 ca |
| 101 | 0# | $a | rus |
| 102 | ## | $a | RU |
| 105 | ## | $a | y z ||||| |
| 122 | 2# | $a | d19310509 |
| | $a | d19310511 |
| 200 | 1# | $a | О стихийном бедствии в Калмыцкой области |
| | $j | 09.05.1931 - 11.05.1931 |
| 215 | ## | $a | 10 листов |
| 251 | ## | $c | Дело |
| 300 | ## | $a | Нумерация начинается с конца дела |
| 300 | ## | $a | Машинописный текст |
| 461 | #0 | $1 | 001796d4672-8a00-4986-b488-6e42273792cc |
| | $1 | 2001 |
| | $a | ЦЕНТРАЛЬНЫЙ ИСПОЛНИТЕЛЬНЫЙ КОМИТЕТ СССР (ЦИК СССР). |
| | $1 | 251 |
| | $c | Фонд |
| | $1 | 852 |
| | $g | Р |
| | $j | 3316 |
| 462 | #0 | $1 | 00158bf05d7-460a-41ec-bd21-5c4fde193abd |
| | $1 | 2001 |
| | $a | Дела Секретариата Президиума ЦИК Союза ССР. 1931 г. |
| | $v | Д. 551 |
| | $1 | 251 |
| | $c | Опись |
| | $1 | 852 |
| | $j | 24 |
| 601 | 01 | $3 | RU\NLR\AUTH\880357276 |
| | $a | СССР |
| | $b | ЦИК |
| 801 | #0 | $a | RU |
| | $b | GA_RF |
| 801 | #1 | $a | RU |
| | $b | ГлавНИВЦ |
| | $c | 20221117 |
| | $2 | rusmarc |
| 801 | #2 | $a | RU |
| | $b | ПБ им. Б.Н. Ельцина |
| | $c | 20230113 |
| | $g | RCR |
| | $2 | rusmarc |
| 852 | ## | $a | ГА РФ |
| | $j | 551 |
| 937 | ## | $d | 182067403 |
| | $h | ГАРФ |
| 035 | ## | $a | RuPRLIB51070518 |
| 856 | ## | $u | http://readingroom.main.prlib.ru/item.aspx?id_node=n182067403&mode=full |